| 000 | 00530nam a22001457a 4500 | ||
|---|---|---|---|
| 008 | 230609b |||||||| |||| 00| 0 eng d | ||
| 020 | _a81-204-0394-0 | ||
| 040 |
_aNational Science Library _cNational Science Library |
||
| 080 |
_aI 627.4(082.2) _bM9 |
||
| 245 |
_aProceedings of third international workshop on alluvial river problems (TIWARP) _c/ University of Roorkee, Roorkee (U.P.), India, March 2-4, 1989 |
||
| 260 |
_aRoorkee: _bUniversity of Roorkee, _c1989 |
||
| 300 | _a329p. | ||
| 650 | _aScience | ||
| 942 |
_2udc _cPR |
||
| 999 |
_c41687 _d41687 |
||